000 00523nam a2200193Ia 4500
005 20250508160800.0
008 008 250505s9999 xx 000 0 eng d
020 _a0-13-043703-4
037 _aTextual
040 _aFEDL
_beng
_cFEDL
041 _aeng
_2eng
084 _a375, HYM
_qFEDL
100 _aHyman Ronald T Ed.
_9769142
245 0 _aApproaches in curriculum
260 _aEnglewood Cliffs
_bPrentice-Hall
_c1973
300 _aix,225p
942 _cTEXL
_h375, HYM
999 _c1366595
_d1366595